| 000 | 00517nam a22001817a 4500 | ||
|---|---|---|---|
| 005 | 20251108172528.0 | ||
| 008 | 250721s9999 xx 000 0 ara d | ||
| 082 | 1 | 4 | _a343.096مرا |
| 100 | 1 | _aمراد، عبدالفتاح | |
| 245 | 1 | 0 | _aموسوعة القانون البحري / |
| 300 | _a839ص | ||
| 650 | 1 | 7 | _aالقانون البحري |
| 650 | 1 | 7 | _aالتأمين البحري |
| 650 | 1 | 7 | _aمحاكم البحرية |
| 650 | 1 | 7 | _aالمسائلالبحرية |
| 942 |
_2ddc _cBK |
||
| 999 |
_c81701 _d81701 |
||